000 01401cad a22001935a 4500
001 L158119
008 140709s2014 xxk f 000 0 eng d
035 _a(Sirsi) u158119
041 0 _aeng
110 2 _aHouse of Commons Committee of Public Accounts
_96139
245 0 0 _aInfrastructure Investment
_bThe impact on consumer bills
260 _aLondon
_bHouse of Commons
_c2014
520 _aExamines the effect on consumers of government investment in infrastructure with more than £375 million spending on planned investment. Around two-thirds of this cost is likely to be financed and delivered by private companies but paid for by consumers through utility bills and user charges such as rail fares. At the moment government is not taking the responsibility for assessing the overall impact of this increase in bills on consumers. Makes recommendations including that the Treasury should ensure that an assessment of long term affordability of bills across the sector is published and that the regulator should improve their protection of consumer interests by paying closer attention to the financial structures of regulated companies.
590 _aKA
651 4 _aUnited Kingdom
690 _aInfrastructure
_96246
856 4 0 _uhttps://www.publications.parliament.uk/pa/cm201415/cmselect/cmpubacc/406/406.pdf
_zView this item free of charge at www.publication.parliament.uk
942 _n0
999 _c115153
_d115153